000 00255nam a22000977a 4500
008 160507b xxu||||| |||| 00| 0 eng d
041 _aeng
080 _a573
245 _aCampbell biology conceptas connections:
_cReece Taylor; Simon Dickey;
942 _2udc
_cBK
999 _c1900
_d1900